000 00938cam a2200253 a 4500
001 3908339
005 20180202072316.0
008 911121s1992 nyu b 001 0 eng
010 _a 91058630
020 _a0345377443 :
_c$20.00
040 _aDLC
_cDLC
_dDLC
041 _aeng
080 _a398..082 PIN
082 0 0 _a398..082 PIN
_220
100 1 _a50
101 _aSOC
245 1 0 _aWomen who run with the wolves :
_cClarissa Pinkola Estés.
504 _a"Education of a young wolf, a bibliography": p. 501-510.
504 _aIncludes bibliographical references (p. 471-500) and index.
740 0 _aMyths and stories of the wild woman archetype.
906 _a7
_bcbc
_corignew
_d3
_eocip
_f19
_gy-gencatlg
942 _2ddc
_cBK
999 _c41644
_d41644